Game of Thrones Character Names! Quiz Stats

 Plays Quiz not verified by Sporcle

Score 0/34 Timer 07:00
0 Plays Today
% Correct
Stark
98.6%
Tarly
98%
Lannister
96.6%
Targaryen
96.2%
Tyrell
95.2%
Frey
94.5%
Cassel
93.9%
Baratheon
93.5%
Clegane
92.8%
Baelish
92.8%
Greyjoy
92.5%
Selmy
92.2%
Mormont
92.2%
H'ghar
92.2%
Tully
91.8%
Seaworth
91.8%
Naharis
91.8%
% Correct
Martell
91.5%
Payne
90.8%
Rayder
90.8%
Thorne
90.4%
Giantsbane
90.4%
Forel
90.4%
Arryn
90.1%
Reed
90.1%
Trant
88.7%
Slynt
88.4%
Dondarrion
88.1%
Kastark
87.7%
Duur
86.3%
Sand
85%
Tollett
83.3%
Mopatis
77.5%
Bolton
57.3%

You're not logged in!

Compare scores with friends on all Sporcle quizzes.
OR
Log In

Show Comments

Extras

Top Quizzes Today


Score Distribution

Your Account Isn't Verified!

In order to create a playlist on Sporcle, you need to verify the email address you used during registration. Go to your Sporcle Settings to finish the process.

Report this User

Report this user for behavior that violates our Community Guidelines.

Details: